Oceňování a rozpočtování ve stavebníctví

Guardado en:
Detalles Bibliográficos
Autor principal: Hallerová, Alena
Formato: Libro
Lenguaje:checo
Publicado: Praha Státní nakladatelství technické literatury 1988
Etiquetas: Agregar Etiqueta
Sin Etiquetas, Sea el primero en etiquetar este registro!

MARC

LEADER 00000nam a2200000 4500
001 c031143
005 20250605073438.3
041 0 |a cze 
044 |a CZ 
245 1 0 |a Oceňování a rozpočtování ve stavebníctví  |c Alena Hallerová a kol. 
264 1 |a Praha  |b Státní nakladatelství technické literatury  |c 1988 
300 |a 140 s. 
100 1 |a Hallerová, Alena